000
00324 a2200157 4500
001
162167
020
_a
040
_c
Magnum
100
_a
Santos, Joel Rufino Dos
240
1
0
_a
Rainha quiximbi
_l
por
245
1
0
_a
Rainha quiximbi
362
0
_a
1899
440
1
_a
Ática
697
_a
I/LENDAS, FOLCLORE
942
_c
BK
999
_c
162167
_d
162167